000
00387nam a2200133Ia 4500
008
100204s9999 xx 000 0 und d
082
_b
15656
100
_a
सावंत हेमंत
245
_a
डबल फेस
260
_b
"पुजा प्रकाशन , मुंबई"
630
_a
डबल फेस
730
_a
डबल फेस
942
_c
BOOK
999
_c
460079
_d
460076